[Event "Montpellier-Bois Colombes"]
[Site "?"]
[Date "2008.03.24"]
[Round "3.3"]
[White "BAUER, C."]
[Black "LANDENBERGUE, C."]
[Result "1/2-1/2"]
[WhiteElo "2634"]
[BlackElo "2451"]
[PlyCount "85"]
[EventDate "2008.??.??"]

1. e4 e5 2. Nf3 Nc6 3. Bc4 Nf6 4. d3 Bc5 5. c3 d6 6. Bb3 a6 7. Nbd2 O-O 8. h3
d5 9. exd5 Nxd5 10. O-O Bf5 11. Ne4 Ba7 12. Re1 Bg6 13. a4 Qd7 14. Nh4 Nce7 15.
a5 Rad8 16. Qf3 c6 17. Bd2 Nf5 18. Nxg6 fxg6 19. Qg4 Kh8 20. Rad1 Nf6 21. Nxf6
gxf6 22. Bc4 Rfe8 23. Rf1 Kg7 24. Kh1 h5 25. Qf3 Nd6 26. Bb3 Qf5 27. Qxf5 Nxf5
28. g3 Rxd3 29. Bh6+ Kxh6 30. Rxd3 e4 31. Rd2 e3 32. Re2 Re5 33. g4 Nd6 34.
fxe3 Kg5 35. gxh5 Nf5 36. Rf3 Kxh5 37. Bc2 Nxe3 38. Rxf6 Rxa5 39. Bb1 Rd5 40.
Rxg6 Kh4 41. Be4 Rd1+ 42. Rg1 Nf1 43. Rxf1 1/2-1/2

[Event "Montpellier-Bois Colombes"]
[Site "?"]
[Date "2008.03.24"]
[Round "3.4"]
[White "VUILLEUMIER, A."]
[Black "MAZE, S."]
[Result "0-1"]
[WhiteElo "2285"]
[BlackElo "2573"]
[PlyCount "80"]
[EventDate "2008.??.??"]

1. e4 c5 2. Nf3 Nc6 3. Bb5 e6 4. O-O Nge7 5. Re1 a6 6. Bf1 Ng6 7. d4 cxd4 8.
Nxd4 Qc7 9. c4 Bd6 10. g3 h5 11. Nb3 h4 12. c5 Be7 13. Nc3 hxg3 14. hxg3 d6 15.
cxd6 Bxd6 16. f4 Bd7 17. Be3 Rd8 18. Qf3 Na5 19. Qf2 Nxb3 20. axb3 Bc6 21. Bb6
Qb8 22. Rad1 Rd7 23. Bg2 e5 24. f5 Nf8 25. Bf1 Nh7 26. Bc4 Nf6 27. Bd5 Bb4 28.
Ba7 Qd8 29. Bxc6 bxc6 30. Rxd7 Nxd7 31. Be3 Nf6 32. Qe2 O-O 33. Rd1 Qa5 34. Qc4
Ng4 35. Ba7 Qc7 36. Bc5 Bxc5+ 37. Qxc5 Rd8 38. Nd5 Qb8 39. Ne7+ Kh7 40. Rxd8
Qxd8 0-1

[Event "Montpellier-Bois Colombes"]
[Site "?"]
[Date "2008.03.24"]
[Round "3.5"]
[White "HAMDOUCHI, H."]
[Black "CHOMET, P."]
[Result "1-0"]
[WhiteElo "2576"]
[BlackElo "2333"]
[PlyCount "107"]
[EventDate "2008.??.??"]

1. e4 e5 2. Nf3 Nc6 3. Bb5 a6 4. Ba4 Nf6 5. O-O Be7 6. Re1 b5 7. Bb3 d6 8. c3
O-O 9. h3 Nd7 10. d3 Na5 11. Bc2 c5 12. Nbd2 Nc6 13. Nf1 Nb6 14. a4 Nxa4 15.
Bxa4 bxa4 16. Ne3 Qe8 17. Nd2 Bg5 18. Ndc4 Bxe3 19. Bxe3 Qd8 20. Qxa4 Bb7 21.
Ra3 Qe7 22. Rb3 Nd8 23. Rb6 Bc6 24. Qa5 f5 25. Nxd6 Qxd6 26. Bxc5 Qg6 27. Bxf8
Kxf8 28. Qxe5 fxe4 29. dxe4 h6 30. Qc7 Kg8 31. Re3 a5 32. Rg3 Qf7 33. Rxc6 Nxc6
34. Qxc6 Rb8 35. b4 axb4 36. cxb4 Rxb4 37. Qxh6 Rxe4 38. Qd2 Qe6 39. Qd8+ Kh7
40. Qd3 Kg8 41. Qb3 Qxb3 42. Rxb3 Kf7 43. Kh2 Ra4 44. Kg3 Kg6 45. Rb5 Kf6 46.
h4 Kg6 47. f4 Kh6 48. Kg4 Ra2 49. g3 Ra3 50. Rb6+ Kh7 51. f5 Ra4+ 52. Kg5 Ra5
53. g4 Rc5 54. h5 1-0

[Event "Montpellier-Bois Colombes"]
[Site "?"]
[Date "2008.03.24"]
[Round "3.6"]
[White "PIETRASANTA, J."]
[Black "FLEAR, G."]
[Result "1/2-1/2"]
[WhiteElo "2268"]
[BlackElo "2493"]
[PlyCount "63"]
[EventDate "2008.??.??"]

1. e4 e5 2. Bc4 Nf6 3. Qe2 Nc6 4. Nf3 Bc5 5. c3 d6 6. d3 a6 7. Nbd2 Ba7 8. Bb3
O-O 9. Nf1 Ng4 10. h3 Nxf2 11. Rh2 d5 12. Bg5 Qd6 13. Bxd5 Na5 14. Be3 Bxe3 15.
Nxe3 c6 16. Bxf7+ Rxf7 17. Kxf2 b5 18. Rhh1 Be6 19. Rhd1 Raf8 20. Kg3 Rf4 21.
Rf1 Nb7 22. b4 Nd8 23. Kh2 Nf7 24. Rad1 c5 25. a3 Qc6 26. Rd2 cxb4 27. cxb4 Qc3
28. Nc2 Bb3 29. Ne3 Be6 30. Nc2 Bb3 31. Ne3 Be6 32. Nc2 1/2-1/2

[Event "Montpellier-Bois Colombes"]
[Site "?"]
[Date "2008.03.24"]
[Round "3.7"]
[White "MILLIET, S."]
[Black "LE ROY, B."]
[Result "1/2-1/2"]
[WhiteElo "2376"]
[BlackElo "2301"]
[PlyCount "97"]
[EventDate "2008.??.??"]

1. e4 c5 2. c3 Nf6 3. e5 Nd5 4. Nf3 d6 5. d4 cxd4 6. Qxd4 e6 7. Bb5+ Bd7 8.
Bxd7+ Qxd7 9. O-O Nc6 10. Qe4 dxe5 11. Nxe5 Nxe5 12. Qxe5 Qd6 13. Qe4 Be7 14.
c4 Nb4 15. Nc3 Qc6 16. Qe2 Rd8 17. Be3 O-O 18. Rfd1 a5 19. a3 Na6 20. Nb5 Bf6
21. Bf4 e5 22. Be3 Nc5 23. b4 Nb3 24. Rab1 Nd4 25. Bxd4 exd4 26. Qd3 b6 27.
Rbc1 Rfe8 28. c5 axb4 29. axb4 bxc5 30. bxc5 Re5 31. Qc4 Bg5 32. Nd6 Qd7 33.
Rb1 Qe6 34. Qxe6 fxe6 35. c6 Rxd6 36. c7 Rc5 37. Rb8+ Kf7 38. c8=Q Rxc8 39.
Rxc8 d3 40. Rc3 d2 41. f4 Bf6 42. Rc2 Bd4+ 43. Kf1 Be3 44. Rc3 Bb6 45. Ke2 Ba5
46. Ra3 Rd5 47. Rda1 Bb4 48. Rd3 Rc5 49. Ra7+ 1/2-1/2

[Event "Montpellier-Bois Colombes"]
[Site "?"]
[Date "2008.03.24"]
[Round "3.8"]
[White "GUICHARD, P."]
[Black "LIBISZEWSKI, F."]
[Result "0-1"]
[WhiteElo "2273"]
[BlackElo "2467"]
[PlyCount "80"]
[EventDate "2008.??.??"]

1. d4 Nf6 2. c4 g6 3. Nc3 Bg7 4. e4 d6 5. Be2 O-O 6. Nf3 e5 7. dxe5 dxe5 8.
Qxd8 Rxd8 9. Bg5 Re8 10. Nd5 Nxd5 11. cxd5 c6 12. Bc4 b5 13. Bb3 a5 14. a3 a4
15. Ba2 Bb7 16. Rc1 Rc8 17. Be7 Nd7 18. dxc6 Bxc6 19. O-O Nb6 20. Rc5 Nc4 21.
Bxc4 bxc4 22. Rxc4 Bb5 23. Rxc8+ Rxc8 24. Rd1 Bd3 25. Nd2 Bh6 26. Nf3 Bg7 27.
Nd2 f5 28. Bb4 fxe4 29. Nf1 Kf7 30. Bc3 Ke6 31. Ng3 Bf8 32. h3 Bc5 33. Re1 Kd5
34. Nf1 Bxf1 35. Kxf1 Bd4 36. Rd1 Rf8 37. Ke1 Kc4 38. Bxd4 exd4 39. Ke2 Kd5 40.
Rd2 Rxf2+ 0-1

[Event "Clichy-Vandoeuvre"]
[Site "?"]
[Date "2008.03.24"]
[Round "3.2"]
[White "MEIER G. GMI 2570, G."]
[Black "FRESSINET L. GMI 2656, L."]
[Result "1/2-1/2"]
[WhiteElo "2570"]
[BlackElo "2656"]
[PlyCount "25"]
[EventDate "2008.??.??"]

1. e4 e5 2. Nf3 Nc6 3. Bb5 a6 4. Bxc6 dxc6 5. O-O Bd6 6. d4 exd4 7. Qxd4 f6 8.
Be3 Ne7 9. Nbd2 Be6 10. Rad1 Ng6 11. Nc4 Bxc4 12. Qxc4 Qe7 13. Rfe1 1/2-1/2

[Event "Clichy-Vandoeuvre"]
[Site "?"]
[Date "2008.03.24"]
[Round "3.6"]
[White "NEZAR, M."]
[Black "APICELLA, M."]
[Result "1/2-1/2"]
[WhiteElo "2404"]
[BlackElo "2544"]
[PlyCount "50"]
[EventDate "2008.??.??"]

1. d4 Nf6 2. c4 g6 3. Nc3 Bg7 4. g3 O-O 5. Bg2 d6 6. Nf3 Nbd7 7. O-O e5 8. e4
exd4 9. Nxd4 Re8 10. h3 Nc5 11. Re1 Bd7 12. Bf4 h6 13. Nb3 Ne6 14. Bd2 a5 15.
Kh2 a4 16. Nc1 Qc8 17. Nd3 a3 18. b3 Ng5 19. Nf4 Bc6 20. f3 Nd7 21. h4 Ne6 22.
Nxe6 Rxe6 23. Bh3 Re8 24. Rc1 Qd8 25. Nd5 Ne5 1/2-1/2

[Event "Clichy-Vandoeuvre"]
[Site "?"]
[Date "2008.03.24"]
[Round "3.8"]
[White "CONGIU, M."]
[Black "SKRIPCHENKO, A."]
[Result "1/2-1/2"]
[WhiteElo "2195"]
[BlackElo "2443"]
[PlyCount "128"]
[EventDate "2008.??.??"]

1. e4 d6 2. d4 Nf6 3. Nc3 g6 4. Be3 c6 5. h3 b5 6. Bd3 Nbd7 7. Qd2 Bb7 8. Nf3
Qc7 9. a3 a6 10. e5 dxe5 11. dxe5 Nxe5 12. Nxe5 Qxe5 13. O-O Bg7 14. Rae1 O-O
15. Bf4 Qc5 16. b4 Qb6 17. Rxe7 c5 18. Be2 cxb4 19. axb4 Rfd8 20. Qe3 Qxe3 21.
Bxe3 Bc6 22. Rc7 Rdc8 23. Rxc8+ Rxc8 24. Rd1 Bf8 25. Bd4 Ne8 26. Rb1 f5 27. Bd3
Nc7 28. Ne2 Nd5 29. c3 Bb7 30. Rc1 Kf7 31. Bb1 Re8 32. Kf1 f4 33. Ba2 g5 34.
Rd1 Kg6 35. Ng1 Nf6 36. Bb1+ Be4 37. Nf3 Bxb1 38. Rxb1 Ne4 39. Ra1 Re6 40. Ne5+
Kf5 41. Nf3 h5 42. Ra2 g4 43. hxg4+ hxg4 44. Nd2 Rh6 45. f3 Ng3+ 46. Kf2 Be7
47. Nf1 Nh5 48. fxg4+ Kxg4 49. Nh2+ Kf5 50. Re2 Bd6 51. Nf1 Nf6 52. Kf3 Nh7 53.
g4+ fxg3 54. Nxg3+ Bxg3 55. Kxg3 Rg6+ 56. Kf3 Ng5+ 57. Ke3 Re6+ 58. Kd3 Rxe2
59. Kxe2 Ke4 60. Bf6 Ne6 61. Kd2 Nf4 62. Bg7 Nd5 63. Bh8 Nf4 64. Kc2 Nd5
1/2-1/2

[Event "French league Top 16"]
[Site "?"]
[Date "2008.03.22"]
[Round "1"]
[White "Kempinski, Robert"]
[Black "Sokolov, Andrei"]
[Result "1-0"]
[WhiteElo "2590"]
[BlackElo "2594"]
[PlyCount "55"]
[EventDate "2008.03.23"]
[SourceDate "2008.03.23"]

1. c4 Nf6 2. Nc3 e5 3. Nf3 Nc6 4. d3 d5 5. cxd5 Nxd5 6. e3 Be7 7. Be2 O-O 8.
O-O Be6 9. Qc2 f5 10. a3 Bf6 11. Na4 Bf7 12. Re1 Qd6 13. Nd2 a5 14. Rd1 b5 15.
Nc3 Nxc3 16. bxc3 Ne7 17. d4 exd4 18. cxd4 c6 19. a4 b4 20. Bb2 Bd5 21. Re1 g6
22. Rac1 Bg7 23. Nc4 Qe6 24. Nb6 Rae8 25. Qc5 Kh8 26. Bf1 Ng8 27. Qxa5 Nf6 28.
Qxb4 1-0

[Event "French league Top 16"]
[Site "?"]
[Date "2008.03.22"]
[Round "1"]
[White "Abergel, Thal"]
[Black "Bricard, Emmanuel"]
[Result "1-0"]
[WhiteElo "2517"]
[BlackElo "2490"]
[PlyCount "79"]
[EventDate "2008.03.23"]
[SourceDate "2008.03.23"]

1. e4 c5 2. Nf3 d6 3. Bc4 Nf6 4. Nc3 a6 5. a4 e6 6. d4 d5 7. exd5 exd5 8. Be2
Nc6 9. Bg5 cxd4 10. Nxd4 Bc5 11. Nb3 Be7 12. Be3 O-O 13. O-O Be6 14. a5 Bd6 15.
Bb6 Bc7 16. Bxc7 Qxc7 17. Bf3 Rad8 18. Ne2 d4 19. Bxc6 Bxb3 20. cxb3 bxc6 21.
Qd3 Rfe8 22. Ng3 h5 23. Rfc1 Qb7 24. Rc4 Qb5 25. Nf5 Re4 26. f3 Rf4 27. Ne7+
Kf8 28. Nxc6 Rd6 29. Na7 Qe5 30. Rc8+ Ne8 31. Nc6 Qe6 32. Qh7 Qe3+ 33. Kh1 Rh6
34. Qc2 d3 35. Qc3 Re6 36. Rd8 Rxf3 37. Nd4 Ref6 38. Nxf3 Rxf3 39. Rxe8+ Kxe8
40. Qc6+ 1-0

[Event "French league Top 16"]
[Site "?"]
[Date "2008.03.22"]
[Round "1"]
[White "Wirig, Anthony"]
[Black "Boudre, Jean-Pierre"]
[Result "1-0"]
[WhiteElo "2479"]
[BlackElo "2333"]
[Annotator "Guadalpi,David"]
[PlyCount "84"]
[EventDate "2008.03.23"]
[SourceDate "2008.03.23"]

1. d4 Nf6 2. c4 e6 3. Nc3 Bb4 4. e3 O-O 5. Nge2 d5 6. a3 Be7 7. cxd5 exd5 8. g3
a5 9. Bg2 c6 10. O-O Na6 11. Qc2 Nc7 12. Bd2 Nfe8 13. Rad1 Nd6 14. f3 f5 15.
Nf4 Ne6 16. Nd3 Nc4 17. a4 Nxd2 18. Rxd2 Bd7 19. f4 Nc7 20. Bf3 Ne8 21. Rg2 Nd6
22. Ne5 Be6 23. Kh1 Bf6 24. Be2 Nc4 25. Nd1 Nd6 26. Nf2 Rc8 27. Nfd3 Ne4 28.
Nc5 Nxc5 29. Qxc5 Be7 30. Qc2 c5 31. Qd1 c4 32. g4 Rc7 33. gxf5 Bxf5 34. Bg4
Be4 35. Bf3 Bf5 36. Bg4 Qc8 37. Qf3 Rd8 38. Qh3 Bxg4 39. Nxg4 Kh8 40. f5 Rf8
41. Rf3 Rxf5 42. Ne5 Rxf3 1-0

[Event "French league Top 16"]
[Site "?"]
[Date "2008.03.22"]
[Round "1"]
[White "Milandre, Olivier"]
[Black "Riff, Jean-Noel"]
[Result "0-1"]
[WhiteElo "2069"]
[BlackElo "2476"]
[PlyCount "46"]
[EventDate "2008.03.23"]
[SourceDate "2008.03.23"]

1. Nf3 Nf6 2. c4 Nc6 3. d4 e6 4. a3 d6 5. Nc3 g6 6. e4 Bg7 7. h3 O-O 8. Bg5 h6
9. Be3 Re8 10. Qd2 Kh7 11. Rc1 e5 12. dxe5 dxe5 13. Qxd8 Rxd8 14. Nd2 Nd4 15.
c5 Be6 16. Bc4 Bxc4 17. Nxc4 Nb3 18. Rc2 Nd7 19. Nb5 Ndxc5 20. Bxc5 Nxc5 21.
Nxe5 Nxe4 22. Nxf7 Rd7 23. Re2 Nc5 0-1

[Event "French league Top 16"]
[Site "?"]
[Date "2008.03.22"]
[Round "1"]
[White "Muller, Anne"]
[Black "Fernandez, Laura"]
[Result "1-0"]
[WhiteElo "2136"]
[BlackElo "2025"]
[PlyCount "75"]
[EventDate "2008.03.23"]
[SourceDate "2008.03.23"]

1. e4 e5 2. Nf3 Nc6 3. Bb5 Nf6 4. O-O a6 5. Ba4 Be7 6. Re1 b5 7. Bb3 O-O 8. a4
Bb7 9. Nc3 b4 10. Nd5 d6 11. Nxe7+ Nxe7 12. d3 Ng6 13. h3 a5 14. Be3 c5 15. Nd2
Qc7 16. Bg5 Nd7 17. h4 h6 18. h5 Nf4 19. Bh4 Nb6 20. Re3 Kh8 21. Bg3 f5 22. Re1
fxe4 23. dxe4 c4 24. Ba2 Rac8 25. Qg4 c3 26. bxc3 Qxc3 27. Rad1 Ba6 28. Bb3 Qc5
29. Nf1 Nc4 30. Ne3 Rcd8 31. Nf5 Qc7 32. Bxf4 exf4 33. Qxf4 Bc8 34. Qh4 Bxf5
35. exf5 Ne5 36. Qe4 Qe7 37. Be6 Qg5 38. f4 1-0

[Event "French league Top 16"]
[Site "?"]
[Date "2008.03.26"]
[Round "3"]
[White "Abergel, Thal"]
[Black "Delchev, Aleksander"]
[Result "1/2-1/2"]
[WhiteElo "2517"]
[BlackElo "2630"]
[PlyCount "111"]
[EventDate "2008.03.23"]
[SourceDate "2008.03.23"]

1. d4 Nf6 2. Nf3 e6 3. e3 c5 4. Bd3 b6 5. O-O Bb7 6. c4 Be7 7. Nc3 a6 8. Bc2
O-O 9. d5 exd5 10. cxd5 d6 11. e4 b5 12. h3 Nbd7 13. b3 Ne8 14. Bb2 Bf6 15. Qb1
g6 16. a4 b4 17. Nd1 a5 18. Bd3 Nb6 19. Nd2 Bxb2 20. Qxb2 Qf6 21. Qxf6 Nxf6 22.
Bb5 Ba6 23. Nb2 Bxb5 24. axb5 Rfb8 25. f3 Nc8 26. Ra2 Ne8 27. Rfa1 Nc7 28. Nbc4
Rxb5 29. Nxa5 Rb6 30. Nac4 Rxa2 31. Rxa2 Rb8 32. e5 Nxd5 33. exd6 Nf6 34. Ra6
Nd7 35. Rc6 Kf8 36. Ne4 Ke8 37. Nxc5 Na7 38. Rc7 Nxc5 39. Rxc5 Nb5 40. Re5+ Kd8
41. Rd5 Kd7 42. Kf2 Na3 43. Ne3 Rb6 44. Rd4 Rxd6 45. Rxb4 Rd2+ 46. Kg3 Nc2 47.
Nxc2 Rxc2 48. Re4 Rb2 49. Re3 h5 50. h4 Kd6 51. f4 Kd5 52. Kf3 Kd4 53. g3 f5
54. Re6 Rxb3+ 55. Kg2 Rb2+ 56. Kf3 1/2-1/2

[Event "French league Top 16"]
[Site "?"]
[Date "2008.03.26"]
[Round "3"]
[White "Miton, Kamil"]
[Black "Kempinski, Robert"]
[Result "1/2-1/2"]
[WhiteElo "2609"]
[BlackElo "2590"]
[PlyCount "44"]
[EventDate "2008.03.23"]
[SourceDate "2008.03.23"]

1. d4 Nf6 2. c4 g6 3. Nc3 Bg7 4. e4 O-O 5. Bd3 d6 6. Nge2 Nc6 7. O-O e5 8. d5
Nd4 9. Rb1 c5 10. dxc6 bxc6 11. b4 Be6 12. Bg5 h6 13. Nxd4 exd4 14. Bxf6 Qxf6
15. Ne2 a5 16. b5 cxb5 17. Rxb5 Bd7 18. Rb7 Bc6 19. Rb6 Rfc8 20. Qd2 h5 21. Rd1
Qe5 22. Nf4 Qc5 1/2-1/2

[Event "French league Top 16"]
[Site "?"]
[Date "2008.03.26"]
[Round "3"]
[White "Gyimesi, Zoltan"]
[Black "Gozzoli, Yannick"]
[Result "1-0"]
[WhiteElo "2605"]
[BlackElo "2510"]
[PlyCount "73"]
[EventDate "2008.03.23"]
[SourceDate "2008.03.23"]

1. d4 Nf6 2. c4 g6 3. Nc3 Bg7 4. e4 d6 5. Nf3 O-O 6. Be2 Bg4 7. Be3 Nfd7 8. Rc1
a6 9. d5 c5 10. a4 Bxf3 11. Bxf3 b5 12. axb5 axb5 13. cxb5 Qa5 14. O-O Qb4 15.
Qc2 Nb6 16. Bg5 Re8 17. Ra1 Rxa1 18. Rxa1 h6 19. Bd2 c4 20. Be2 N8d7 21. Be3
Nc5 22. Ra7 Ra8 23. Rxa8+ Nxa8 24. Bxc5 dxc5 25. Na4 Qe1+ 26. Bf1 Bd4 27. g3
Qa5 28. Bxc4 Nb6 29. Nxb6 Qxb6 30. Kg2 Kg7 31. Qe2 h5 32. e5 Kf8 33. f4 Qc7 34.
Qe4 Kg7 35. d6 exd6 36. Qc6 Qa5 37. Qxd6 1-0

[Event "French league Top 16"]
[Site "?"]
[Date "2008.03.26"]
[Round "3"]
[White "Marzolo, Cyril"]
[Black "Kosten, Anthony"]
[Result "1-0"]
[WhiteElo "2474"]
[BlackElo "2511"]
[Annotator "Guadalpi,David"]
[PlyCount "79"]
[EventDate "2008.03.23"]
[SourceDate "2008.03.23"]

1. d4 Nf6 2. c4 e6 3. Nf3 Bb4+ 4. Nbd2 b6 5. a3 Bxd2+ 6. Qxd2 Bb7 7. e3 O-O 8.
Be2 d6 9. b4 Nbd7 10. Bb2 Qe7 11. O-O Ne4 12. Qc2 f5 13. d5 c5 14. dxc6 Bxc6
15. Nd4 Bb7 16. f3 Ng5 17. Qd2 a6 18. Rfd1 e5 19. h4 Nh3+ 20. gxh3 Qxh4 21. Kg2
f4 22. Qe1 Qg5+ 23. Kh2 exd4 24. Qg1 Qh6 25. Rxd4 {Draw?} Rae8 26. Rxd6 Rxe3
27. Qxe3 Qxd6 28. Rd1 Qg6 29. Qg1 Re8 30. Qxg6 hxg6 31. Rd2 Ne5 32. Kg2 g5 33.
Kf2 Nf7 34. Rd7 Bc8 35. Ra7 Bxh3 36. c5 bxc5 37. bxc5 Be6 38. c6 Rb8 39. Bd4
Rb3 40. Re7 {Time} 1-0

[Event "French league Top 16"]
[Site "?"]
[Date "2008.03.26"]
[Round "3"]
[White "Boudre, Jean-Pierre"]
[Black "Jedynak, Radoslaw"]
[Result "1/2-1/2"]
[WhiteElo "2333"]
[BlackElo "2525"]
[PlyCount "87"]
[EventDate "2008.03.23"]
[SourceDate "2008.03.23"]

1. e4 c6 2. c4 d5 3. cxd5 cxd5 4. exd5 Nf6 5. Nc3 Nxd5 6. Nf3 Nxc3 7. bxc3 g6
8. d4 Bg7 9. Be2 Qc7 10. Qb3 Nc6 11. O-O O-O 12. Rd1 Be6 13. Qa3 Bd5 14. Be3 e5
15. Nxe5 Nxe5 16. dxe5 Qxe5 17. Rac1 Bc6 18. c4 a6 19. c5 Rfd8 20. Qb3 Rxd1+
21. Rxd1 Qf5 22. h3 Bf8 23. Bc4 Be7 24. Bd5 Rd8 25. Bxc6 Rxd1+ 26. Qxd1 bxc6
27. Qc1 Qd5 28. Qc2 h5 29. Kf1 Bf6 30. Qb3 Qe4 31. Kg1 Kg7 32. Qd1 Be5 33. Qc1
Qd3 34. Bh6+ Kh7 35. Be3 Kg7 36. Bh6+ Kh7 37. Be3 Bf6 38. Qf1 Qb5 39. Qd1 Kg7
40. g4 hxg4 41. hxg4 Qc4 42. Qf3 Qe6 43. Kg2 Kg8 44. a4 1/2-1/2

[Event "French league Top 16"]
[Site "?"]
[Date "2008.03.26"]
[Round "3"]
[White "Goldsztejn, Gildas"]
[Black "Milandre, Olivier"]
[Result "1-0"]
[WhiteElo "2380"]
[BlackElo "2069"]
[PlyCount "57"]
[EventDate "2008.03.23"]
[SourceDate "2008.03.23"]

1. c4 e6 2. Nc3 d5 3. d4 c6 4. cxd5 exd5 5. Nf3 Bd6 6. Qc2 Ne7 7. Bg5 Qc7 8. e3
Bf5 9. Bd3 Bxd3 10. Qxd3 h6 11. Bh4 O-O 12. O-O Ng6 13. Bg3 Nd7 14. b4 Bxg3 15.
hxg3 b5 16. e4 dxe4 17. Nxe4 Nb6 18. Rac1 Rfc8 19. Rc5 Qd7 20. Rfc1 Nd5 21. a3
a5 22. bxa5 Rxa5 23. Ne5 Nxe5 24. dxe5 Ra6 25. Nd6 Rca8 26. Nxb5 Qe6 27. Nd4
Qe8 28. Nxc6 Ne7 29. Nxe7+ 1-0

[Event "French league Top 16"]
[Site "?"]
[Date "2008.03.26"]
[Round "3"]
[White "Fernandez, Laura"]
[Black "Delorme, laurie"]
[Result "0-1"]
[WhiteElo "2025"]
[BlackElo "2072"]
[PlyCount "72"]
[EventDate "2008.03.23"]
[SourceDate "2008.03.23"]

1. e4 e5 2. Nf3 Nc6 3. Bc4 Nf6 4. d3 Be7 5. c3 d6 6. Bb3 O-O 7. Nbd2 Na5 8. Bc2
c5 9. O-O Nc6 10. Re1 Qc7 11. Nc4 Re8 12. Bg5 Nd7 13. Ne3 h6 14. Nd5 Qd8 15.
Be3 Bf8 16. Nd2 Nf6 17. Qf3 Ng4 18. a4 Ne7 19. Bb3 Nxd5 20. Bxd5 Nf6 21. Ba2
Bd7 22. Bb3 b6 23. h3 g6 24. d4 Be6 25. dxe5 dxe5 26. Bc4 Bg7 27. Bb5 Bd7 28.
Bxd7 Nxd7 29. Nc4 Re6 30. Red1 Qc7 31. Rd2 Nf6 32. Rad1 Qc6 33. Rd5 Qxa4 34.
Rxe5 Qxc4 35. Rxe6 fxe6 36. b3 Qxe4 0-1

[Event "French league Top 16"]
[Site "?"]
[Date "2008.03.26"]
[Round "2"]
[White "Khenkin, Igor"]
[Black "Gyimesi, Zoltan"]
[Result "1/2-1/2"]
[WhiteElo "2602"]
[BlackElo "2605"]
[PlyCount "66"]
[EventDate "2008.03.23"]
[SourceDate "2008.03.23"]

1. d4 Nf6 2. c4 e6 3. Nf3 d5 4. Nc3 dxc4 5. e4 Bb4 6. Bg5 c5 7. Bxc4 cxd4 8.
Nxd4 Bxc3+ 9. bxc3 Qa5 10. Nb5 Nxe4 11. Qd4 O-O 12. Qxe4 a6 13. Be7 axb5 14.
Bb4 Qc7 15. Bxf8 Kxf8 16. Bb3 Qxc3+ 17. Ke2 Qb2+ 18. Kf3 Qc3+ 19. Qe3 Qf6+ 20.
Qf4 Qc3+ 21. Qe3 Qf6+ 22. Qf4 Qc3+ 23. Ke2 Qb2+ 24. Kd3 Nc6 25. Rad1 Qa3 26.
Ke3 Qc5+ 27. Kf3 Qe7 28. Qd6 e5 29. Ke3 Nd4 30. Qxe7+ Kxe7 31. f4 Nxb3 32. axb3
exf4+ 33. Kxf4 Be6 1/2-1/2

[Event "French league Top 16"]
[Site "?"]
[Date "2008.03.26"]
[Round "2"]
[White "Miralles, Gilles"]
[Black "Abergel, Thal"]
[Result "1-0"]
[WhiteElo "2490"]
[BlackElo "2517"]
[PlyCount "105"]
[EventDate "2008.03.23"]
[SourceDate "2008.03.23"]

1. d4 d5 2. c4 c6 3. Nc3 e6 4. e4 dxe4 5. Nxe4 Bb4+ 6. Nc3 c5 7. Be3 Nf6 8.
dxc5 Bxc3+ 9. bxc3 Qa5 10. Qb3 Nfd7 11. Nf3 Na6 12. c6 bxc6 13. Be2 O-O 14. O-O
e5 15. Rfd1 Ndc5 16. Qc2 Qc7 17. Qc1 Re8 18. Qa3 Qe7 19. Nd2 f5 20. Nb3 Ne6 21.
Qxe7 Rxe7 22. Rd6 Nac7 23. Na5 Ne8 24. Rdd1 Rc7 25. Rab1 Ba6 26. g3 Kf7 27. Bf3
e4 28. Be2 g5 29. Bc1 Nf6 30. Rd6 Rac8 31. Nb3 Nd7 32. Nd4 Nxd4 33. cxd4 g4 34.
Bf4 Nf8 35. Be5 Nd7 36. Rb3 Re8 37. Bf4 Nf8 38. d5 Bc8 39. dxc6 Be6 40. Rb7
Ree7 41. Rb8 Ng6 42. Bg5 Ne5 43. Bxe7 Kxe7 44. c5 Nxc6 45. Rh8 Kf6 46. Bc4 Kg7
47. Bxe6 Kxh8 48. Rd7 Rc8 49. Rxh7+ Kxh7 50. Bxf5+ Kg7 51. Bxc8 Nd4 52. Bb7
Nf3+ 53. Kg2 1-0

[Event "French league Top 16"]
[Site "?"]
[Date "2008.03.26"]
[Round "2"]
[White "Kosten, Anthony"]
[Black "Bijaoui, Manuel"]
[Result "1/2-1/2"]
[WhiteElo "2511"]
[BlackElo "2365"]
[PlyCount "31"]
[EventDate "2008.03.23"]
[SourceDate "2008.03.23"]

1. c4 Nf6 2. g3 g6 3. Bg2 Bg7 4. Nc3 O-O 5. e3 d6 6. Nge2 e5 7. O-O Nc6 8. d3
Be6 9. Nd5 Qd7 10. Nec3 Ne8 11. f4 Nd8 12. fxe5 dxe5 13. Ne4 c6 14. Nc5 Qd6 15.
Ne4 Qd7 16. Nc5 1/2-1/2

[Event "French league Top 16"]
[Site "?"]
[Date "2008.03.26"]
[Round "2"]
[White "Santo Roman, Marc"]
[Black "Boudre, Jean-Pierre"]
[Result "1-0"]
[WhiteElo "2395"]
[BlackElo "2333"]
[PlyCount "65"]
[EventDate "2008.03.23"]
[SourceDate "2008.03.23"]

1. e4 e5 2. Nf3 Nc6 3. Bb5 Nf6 4. O-O Nxe4 5. d4 Be7 6. Qe2 Nd6 7. Bxc6 bxc6 8.
dxe5 Nb7 9. Nd4 O-O 10. Rd1 Bc5 11. Nc3 Bxd4 12. Rxd4 Nc5 13. Qh5 g6 14. Qh6 f6
15. Be3 Ne6 16. Rh4 Rf7 17. Ne4 fxe5 18. Bg5 Nxg5 19. Nxg5 Qe7 20. Nxf7 Qxf7
21. Re1 d6 22. f4 Bf5 23. fxe5 Re8 24. Qd2 dxe5 25. Ra4 Qe7 26. Rxa7 Qc5+ 27.
Qf2 Qd6 28. Ra3 e4 29. h3 h5 30. Rc3 Re5 31. Qe3 Rd5 32. a4 Kh7 33. Ra1 1-0

[Event "French league Top 16"]
[Site "?"]
[Date "2008.03.26"]
[Round "2"]
[White "Fernandez, laura"]
[Black "Acher, Mathieu"]
[Result "0-1"]
[WhiteElo "2025"]
[BlackElo "2381"]
[PlyCount "60"]
[EventDate "2008.03.23"]
[SourceDate "2008.03.23"]

1. e4 e5 2. Nf3 Nc6 3. Bc4 Nf6 4. d3 Be7 5. c3 O-O 6. O-O d6 7. h3 Na5 8. Nbd2
Nxc4 9. Nxc4 Re8 10. Re1 h6 11. Qc2 Bf8 12. a4 c6 13. b4 Nh5 14. Bd2 Qf6 15.
Nh2 Nf4 16. Bxf4 exf4 17. f3 Be6 18. Na5 Rab8 19. d4 Qg6 20. Kh1 c5 21. Qd2
cxd4 22. cxd4 d5 23. Rab1 Qg5 24. Nb3 b6 25. Nc1 Qf6 26. Ng4 Bxg4 27. hxg4 dxe4
28. fxe4 Rbd8 29. d5 Qh4+ 30. Kg1 Rxd5 0-1

[Event "Interclubs Adultes"]
[Site "Montpellier"]
[Date "10/04/2008"]
[Round "4.1"]
[White "Nisipeanu, Liviu-Dieter"]
[Black "Abergel, Thal"]
[Result "1-0"]
[WhiteElo "2684"]
[BlackElo "2520"]
[WhiteTeam "Clichy"]
[BlackTeam "Marseille Duchamps"]

1. d4 d5 2. c4 c6 3. Nf3 e6 4. e3 Nd7 5. Bd3 Bd6 6. O-O dxc4 7. Bxc4 Ngf6 8.
Nc3 O-O 9. e4 b5 10. e5 bxc4 11. exd6 Nb6 12. Bf4 Nbd5 13. Be5 Nxc3 14. bxc3
Ne4 15. Qa4 Qd7 16. Bf4 f6 17. Rfe1 Nxc3 18. Qxc4 Nb5 19. Qc5 Rd8 20. Rad1 Bb7
21. Rb1 Ba6 22. Qc4 Bc8 23. d5 exd5 24. Qc5 Nxd6 25. Nd4 Ne4 26. Qxc6 Qxc6 27.
Nxc6 Rd7 28. Nb8 Rb7 29. Rxb7 Bxb7 30. f3 Nc5 31. Bd6 Rxb8 32. Bxb8 a5 33. Bd6
1-0

[Event "Interclubs Adultes"]
[Site "Montpellier"]
[Date "10/04/2008"]
[Round "4.3"]
[White "Fressinet, Laurent"]
[Black "Kosten, Anthony C."]
[Result "1-0"]
[WhiteElo "2656"]
[BlackElo "2496"]
[WhiteTeam "Clichy"]
[BlackTeam "Marseille Duchamps"]

1. d4 Nf6 2. Nf3 e6 3. c4 Bb4+ 4. Nbd2 d5 5. Qa4+ Nc6 6. a3 Bxd2+ 7. Bxd2 Ne4
8. e3 O-O 9. Qc2 Bd7 10. Bd3 f5 11. b4 a6 12. O-O Rf6 13. Rfc1 Be8 14. Be1 Rh6
15. cxd5 exd5 16. a4 Bh5 17. Be2 Qd6 18. g3 f4 19. b5 fxg3 20. fxg3 Qf6 21. Qd1
Nd8 22. bxa6 bxa6 23. Ne5 Qg5 24. Bxh5 Rxh5 25. Qf3 Rh6 26. Rxc7 Rf6 27. Qe2
Ne6 28. Rc6 Raf8 29. Rac1 Qf5 30. g4 Qg5 31. Rc8 Rxc8 32. Rxc8+ Rf8 33. h4 Qe7
34. Qxa6 Nd8 35. Qb5 Qf6 36. Qxd5+ Kh8 37. Nf7+ 1-0